000 00551cam a2200193ua 4500
001 11303
008 190506n II |||gr||||Z||||||asm
040 _aMAIN
041 _aEnglish
082 _a320 BOR
100 _aBORAH, DR. MAHENDRA.
245 _aRAJNITI BIGYANAR BHUMIKA (For Pre-university Course of GU)
260 _aGUWAHATI
_bLBS PUBLISHERS
300 _a151:
_c20CM.
500 _aBOOK was before BOOK BANK Acc.No.B 133, Now New Acc.No.09608
653 _aPolitical science
700 _aBORAH, DR. MAHENDRA.,
_eAUTHOR.
942 _cBK
999 _c11269
_d11269